Traversing Webs: Reflections on Relational Theory and International Relations

Esej sa zaoberá úlohou teórie vzťahov v medzinárodných vzťahoch a s tým súvisiacou sériou krátkych vzájomne prepojených úvah, ktoré čerpajú z „medzinárodných vzťahov“, ale aj zo skúseností autora so vzťahovými posunmi v každodennom živote. Skúsenosti s „prechádzaním sieťami“ vzťahov doma a v práci,...

Ausführliche Beschreibung

Gespeichert in:
Bibliographische Detailangaben
1. Verfasser: Kurki, Milja
Format: Buchkapitel
Sprache:Englisch
Schlagworte:
Tags: Tag hinzufügen
Keine Tags, Fügen Sie das erste Tag hinzu!

MARC

LEADER 00000naa a2200000 4500
001 0297138
005 20231115105110.2
041 0 |a eng 
044 |a GB 
245 1 0 |a Traversing Webs: Reflections on Relational Theory and International Relations  |c Milja Kurki 
520 |a Esej sa zaoberá úlohou teórie vzťahov v medzinárodných vzťahoch a s tým súvisiacou sériou krátkych vzájomne prepojených úvah, ktoré čerpajú z „medzinárodných vzťahov“, ale aj zo skúseností autora so vzťahovými posunmi v každodennom živote. Skúsenosti s „prechádzaním sieťami“ vzťahov doma a v práci, s ľuďmi a ne-ľudmi, v štúdiu medzinárodných vzťahov aj mimo nich. Esej zároveň ukazuje spôsoby, akými sú vzťahové myslenie a prax oveľa viac ako „teória“ vzťahov. 
610 2 0 |a vzťahy medziľudské 
610 2 0 |a vzťahy medzinárodné 
610 2 0 |a komunity 
610 2 0 |a etika 
610 2 0 |a teória a prax 
100 1 |a Kurki, Milja